La noche de los tiempos / (Record no. 195904)

MARC details
000 -LEADER
campo de control de longitud fija 01209nam a2200337 i 4500
001 - NÚMERO DE CONTROL
campo de control 195904
003 - IDENTIFICADOR DE NÚMERO DE CONTROL
campo de control ES-MaACL
005 - FECHA Y HORA DE LA ÚLTIMA TRANSACCIÓN
campo de control 20250829034410.0
008 - DATOS DE LONGITUD FIJA--INFORMACIÓN GENERAL
campo de control de longitud fija 240802s2016 sp 001 f spa cd
017 ## - NÚMERO DE COPYRIGHT O DE DEPÓSITO LEGAL
Número de copyright o de depósito legal D.L. B 39654-2009
020 ## - NÚMERO INTERNACIONAL ESTÁNDAR DEL LIBRO
Número Internacional Estándar del Libro 9788432212758
035 ## - NÚMERO DE CONTROL DEL SISTEMA
Número de control de sistema Rebiun26261020
040 ## - FUENTE DE CATALOGACIÓN
Centro catalogador/agencia de origen SpMaUCES
Lengua de catalogación spa
Centro/agencia transcriptor ES-MaACL
080 ## - NÚMERO DE LA CLASIFICACIÓN DECIMAL UNIVERSAL
Número de la Clasificación Decimal Universal 821.134.2-31"19"
100 1# - ENTRADA PRINCIPAL--NOMBRE DE PERSONA
Nombre de persona Muñoz Molina, Antonio,
Fechas asociadas al nombre 1956-
9 (RLIN) 84461
245 13 - MENCIÓN DEL TÍTULO
Título La noche de los tiempos /
Mención de responsabilidad, etc. Antonio Muñoz Molina.
250 ## - MENCION DE EDICION
Mención de edición Primera edición: noviembre 2009
260 ## - PUBLICACIÓN, DISTRIBUCIÓN, ETC.
Lugar de publicación, distribución, etc. Barcelona :
Nombre del editor, distribuidor, etc. Seix Barral,
Fecha de publicación, distribución, etc. 2009
300 ## - DESCRIPCIÓN FÍSICA
Extensión 958 p. ;
Dimensiones 23 cm
336 ## - TIPO DE CONTENIDO
Fuente rdacontent
Término de tipo de contenido texto
337 ## - TIPO DE MEDIO
Fuente rdamedia
Nombre/término del tipo de medio sin mediación
338 ## - TIPO DE SOPORTE
Fuente rdacarrier
Nombre/término del tipo de soporte volumen
490 1# - MENCIÓN DE SERIE
Mención de serie Biblioteca breve (Seix Barral)
830 ## - PUNTO DE ACCESO ADICIONAL DE SERIE-TÍTULO UNIFORME
9 (RLIN) 227188
Título uniforme Biblioteca breve (Seix Barral)
852 ## - LOCALIZACIÓN
Ubicación ES-MaACL
Sublocalización o colección R. 152700
Ubicación en estantería Depósito J
Número de control de estantería N-9023
Donativo/Legado Donación: José Lázaro
Encuadernación Encuadernación: rústica con solapas
903 ## - NOMBRE PERSONAL DE DONANTE
9 234219
a Lázaro García, José
e Donante
942 ## - ELEMENTOS DE ENTRADA SECUNDARIOS (KOHA)
Tipo de ítem Koha Libro impreso
Suprimir en OPAC No
954 ## - CATALOGADOR -ALTA REGISTRO
Estado de la copia Tatiana Alejandra de Castro Pérez
Holdings
Estatus retirado Estado de pérdida Fuente del sistema de clasificación o colocación Estado de daño No para préstamo Biblioteca de origen Biblioteca actual Ubicación en estantería Fecha de adquisición Fuente de adquisición Total de préstamos Signatura topográfica completa Código de barras Visto por última vez Precio de reemplazo Tipo de ítem Koha
    Clasificación decimal universal     Biblioteca del Ateneo de Madrid Biblioteca del Ateneo de Madrid Depósito J 24/03/2025 Donación   N-9023 101229727 24/03/2025 24/03/2025 Libro impreso